000 00710nam a2200265Ia 4500
005 20260302114441.0
008 008 260114s9999 xx 000 0 eng d
020 _a9781474205481
037 _aTextbook
040 _aCRL
040 _beng
040 _cCRL
041 _2eng
041 _aeng
084 _qCRL
100 _aGeoffrey Redmond
_91117677
245 4 _aThe I Ching (Book of Changes) A Critical Translation of the Ancient Text
260 _bBloomsbury
260 _bBloomsbury Academic
260 _c2017
650 _aPhilosophy
856 _uhttps://doi.org/10.5040/9781474205481?locatt=label:secondary_bloomsburyCollections
942 _cEBOOK
999 _c1682594
_d1682594